000 00967cab a2200289 4500
001 WB3241-50
008 090401t1996 xxu||||| |||| 00| 0 eng d
035 _a(Sirsi) u40003
041 _aeng
245 _aAnomaly in law on mortgage fraud
260 _c1996
350 _a0
490 _aTimes
_v28 October 1996, 41(2)
520 _a"R v Graham (H.K.)"; "R v Kansal"; "R v Ali"; "R v Marsh"; "R v Graham (G.A.)"; "R v Price"; "Rv Bramich" CA 25 October 1996. The anomaly in criminal law relating to dishonesty and mortgage frauds exposed in "R v Preddy", results in the quashing of the convictions of seven appellants.
650 _aMORTGAGE FRAUD
650 _aR V ALI
650 _aR V BRAMICH
650 _aR V GRAHAM HK
650 _aR V GRAHAM
650 _aR V MARSH
650 _aR V PREDDY
650 _aR V PRICE
650 _aTHEFT ACT 1968 S15
690 _aPROPERTY LAW AND PRACTICE-CASE LAW
942 _n0
948 _c04/03/1997
999 _c25615
_d25615